000 00543cam a22002171 4500
001 ne 68000716
003 DLC
005 20260227111838.0
008 881028q xx c 000 0 ara
010 _ane 68000716
035 _a(OCoLC)23507708
040 _aDLC
_cMiU
_dDLC
042 _apremarc
050 0 0 _aPJ7866.B33
_bD5
100 1 _aʻUbaydī, Muḥammad Ḥabīb.
245 1 0 _aDhikrā Ḥabīb.
260 _c.1966
300 _a4, 64, 282 p.
_bfacism., port.
_c24 cm.
700 1 _aFakhry, Ahmed.
_eed.
740 0 _aDīwān.
999 _c50138
_d50138